語頭、語尾が濁音の駅名 - Statistics

General Stats
  • This quiz has been taken 67 times
  • The average score is 15 of 65
Answer Stats
都道府県 駅名 読み % Correct
東京都 五反田 ごたんだ
64%
滋賀県 膳所 ぜぜ
49%
東京都 銀座 ぎんざ
42%
埼玉県 行田 ぎょうだ
40%
愛知県 定光寺 じょうこうじ
38%
神奈川県 弘明寺(京急) ぐみょうじ
34%
神奈川県 弘明寺(地下鉄) ぐみょうじ
34%
東京都 護国寺 ごこくじ
34%
山梨県 善光寺 ぜんこうじ
34%
沖縄県 儀保 ぎぼ
32%
群馬県 神戸 ごうど
32%
東京都 豪徳寺 ごうとくじ
30%
静岡県 御殿場 ごてんば
30%
神奈川県 神武寺 じんむじ
30%
石川県 大聖寺 だいしょうじ
30%
福岡県 感田 がんだ
28%
宮崎県 財光寺 ざいこうじ
28%
秋田県 神宮寺 じんぐうじ
28%
神奈川県 番田 ばんだ
28%
大阪府 JR総持寺 じぇいあーるそうじじ
28%
大阪府 JR難波 じぇいあーるなんば
28%
東京都 台場 だいば
26%
香川県 善通寺 ぜんつうじ
25%
秋田県 醍醐 だいご
25%
京都府 醍醐 だいご
25%
大分県 豊前善光寺 ぶぜんぜんこうじ
25%
福島県 郷戸 ごうど
23%
神奈川県 極楽寺 ごくらくじ
23%
富山県 電鉄魚津 でんてつうおづ
23%
富山県 電鉄黒部 でんてつくろべ
23%
福島県 Jヴィレッジ じぇいびれっじ
23%
静岡県 源道寺 げんどうじ
21%
岐阜県 顔戸 ごうど
21%
鹿児島県 慈眼寺 じげんじ
21%
愛知県 前後 ぜんご
21%
岐阜県 禅昌寺 ぜんしょうじ
21%
秋田県 十文字 じゅうもんじ
19%
福岡県 善導寺 ぜんどうじ
19%
和歌山県 道成寺 どうじょうじ
19%
大阪府 道明寺 どうみょうじ
19%
大阪府 JR淡路 じぇいあーるあわじ
19%
新潟県 勝木 がつぎ
17%
静岡県 岩水寺 がんすいじ
17%
愛知県 甚目寺 じもくじ
17%
富山県 大川寺 だいせんじ
17%
石川県 道法寺 どうほうじ
17%
静岡県 岳南原田 がくなんはらだ
15%
秋田県 陣場 じんば
15%
岡山県 大安寺 だいあんじ
15%
静岡県 大場 だいば
15%
京都府 出町柳 でまちやなぎ
15%
愛媛県 梅津寺 ばいしんじ
15%
岡山県 備前三門 びぜんみかど
15%
大分県 豊後荻 ぶんごおぎ
15%
香川県 造田 ぞうだ
13%
福岡県 大善寺 だいぜんじ
13%
佐賀県 バルーンさが ばるーんさが
13%
大分県 豊後国分 ぶんごこくぶ
13%
北海道 別当賀 べっとが
13%
山梨県 月江寺 げっこうじ
11%
宮城県 下馬 げば
11%
広島県 上下 じょうげ
11%
富山県 電鉄石田 でんてついしだ
11%
広島県 備後安田 びんごやすだ
9%
愛媛県 土居田 どいだ
8%
No matching quizzes found
Score Distribution
Percent of People with Each Score
Percentile by Number Answered
Your Score History
You have not taken this quiz